Fundamental of Information Technology (Record no. 1938)

MARC details
000 -LEADER
fixed length control field 00408 a2200169 4500
000 - LEADER
fixed length control field nam a22 7a 4500
001 - CONTROL NUMBER
control field 1938
005 - DATE AND TIME OF LATEST TRANSACTION
control field 20260410124825.0
020 ## - INTERNATIONAL STANDARD BOOK NUMBER
International Standard Book Number 978-123-432-12-1
100 ## - MAIN ENTRY--PERSONAL NAME
Personal name S.P. Gupta
110 ## - MAIN ENTRY--CORPORATE NAME
Corporate name or jurisdiction name as entry element S.P. Gupta
245 ## - TITLE STATEMENT
Title Fundamental of Information Technology
250 ## - EDITION STATEMENT
Edition statement 1st Edition
260 ## - PUBLICATION, DISTRIBUTION, ETC.
Name of publisher, distributor, etc. ABC Publication
Date of publication, distribution, etc. 2025
264 ## - PRODUCTION, PUBLICATION, DISTRIBUTION, MANUFACTURE, AND COPYRIGHT NOTICE
Name of producer, publisher, distributor, manufacturer ABC Publication
Date of production, publication, distribution, manufacture, or copyright notice 2025
942 ## - ADDED ENTRY ELEMENTS (KOHA)
Koha item type Books
Holdings
Withdrawn status Lost status Source of classification or shelving scheme Damaged status Not for loan Home library Current library Date acquired Total checkouts Barcode Date last seen Price effective from Koha item type
    Dewey Decimal Classification     Centerville Centerville 10/04/2026   CPL26040011 10/04/2026 10/04/2026 BOOKS